[Event "AUTO-ADV-2145"]
[Site "http://www.queenalice.com/game.php?id=933563"]
[Date "2011.5.3"]
[Round "1"]
[White "Gadeglia"]
[Black "Blutigeroo"]
[Result "0-1"]
[WhiteElo "1874"]
[BlackElo "1812"]

1. Nf3 e6 2. c4 d6 3. d4 g6 4. g3 Bg7 5. Bg2 Ne7 6. O-O O-O 7. Nc3 b6 8. Ng5 f6
9. Bxa8 c6 10. Nf3 Ba6 11. b3 Nd7 12. Ba3 Qxa8 13. Bxd6 Re8 14. Qd2 Nf5 15. Ba3
Qb7 16. Ne4 h5 17. Nh4 Kh7 18. Nxf5 exf5 19. Nd6 Qb8 20. Nxe8 Qxe8 21. Rfe1 Bh6
22. e3 g5 23. Qb4 b5 24. cxb5 Bxb5 25. Rad1 Kg6 26. d5 h4 27. dxc6 Bxc6 28. Qd6
Ne5 29. Re2 Nf3+ 30. Kf1 Nxh2+ 31. Ke1 Bf3 32. Bb2 Bg7 33. Qc7 Bxe2 34. Kxe2 Bf8
35. Qxa7 Bb4 36. Qb6 Qe7 37. gxh4 g4 38. Rd7 Qxd7 39. Qxf6+ Kh7 40. Qh8+ Kg6 41.
Qg8+ Kh6 42. Bf6 Qd2# 0-1

[Event "AUTO-ADV-2145"]
[Site "http://www.queenalice.com/game.php?id=933564"]
[Date "2011.5.3"]
[Round "1"]
[White "Blutigeroo"]
[Black "Gadeglia"]
[Result "1-0"]
[WhiteElo "1780"]
[BlackElo "1876"]

1. f3 d5 2. Kf2 e5 3. e3 Nf6 4. b3 Be7 5. Bb2 Nc6 6. Bb5 Qd6 7. d3 Bd7 8. c4 d4
9. Qe2 O-O 10. h4 a6 11. Bxc6 Qxc6 12. e4 b5 13. g4 Qb6 14. Nh3 Bb4 15. Nd2 Bc3
16. Rab1 bxc4 17. Nxc4 Qc5 18. Bxc3 dxc3+ 19. Kg3 h5 20. g5 Ne8 21. f4 exf4+ 22.
Nxf4 g6 23. Nxh5 Qc6 24. Rbc1 gxh5 25. Qxh5 Qg6 26. Qe2 Nd6 27. Ne5 Qe6 28. Nxd7
Qxd7 29. h5 Qe6 30. Qe1 Qe5+ 31. Kg4 f6 32. g6 Qg5+ 33. Kf3 f5 34. Qxc3 Qg4+ 35.
Ke3 fxe4 36. Rcg1 Qf3+ 37. Kd2 e3+ 38. Kc2 Qf2+ 39. Kb1 Nb5 40. Qb4 Rab8 41. h6
Rbd8 42. g7 Nd6 43. Qg4 Rfe8 44. h7+ Kf7 45. Rf1 1-0

[Event "Challenge"]
[Site "http://www.queenalice.com/game.php?id=942051"]
[Date "2011.5.24"]
[Round "-"]
[White "Lintz"]
[Black "Gadeglia"]
[Result "0-1"]
[WhiteElo "1846"]
[BlackElo "1894"]

1. e4 e6 2. d4 d5 3. e5 c5 4. Nf3 Nc6 5. Bb5 Bd7 6. dxc5 Bxc5 7. O-O a6 8. Be2
Nge7 9. c3 O-O 10. h3 Ng6 11. b4 Bb6 12. Ba3 Ncxe5 13. Nxe5 Nxe5 14. b5 Re8 15.
bxa6 bxa6 16. Bb2 Bb5 17. Bxb5 axb5 18. Na3 Nc4 19. Nxc4 bxc4 20. Bc1 Qd6 21. a4
Bc7 22. g3 Red8 23. Be3 Ba5 24. Qc1 e5 25. f4 exf4 26. Bxf4 Qe6 27. g4 d4 28.
cxd4 Rxd4 29. Re1 Qc6 30. Rb1 Bxe1 31. Qxe1 Rxf4 32. Qb4 h6 0-1

[Event "Challenge"]
[Site "http://www.queenalice.com/game.php?id=942052"]
[Date "2011.5.24"]
[Round "-"]
[White "Gadeglia"]
[Black "Lintz"]
[Result "1-0"]
[WhiteElo "1878"]
[BlackElo "1879"]

1. Nf3 d5 2. d4 c6 3. g3 e6 4. Bg2 Nf6 5. O-O Be7 6. b3 O-O 7. Bb2 c5 8. Nbd2
cxd4 9. Bxd4 Nc6 10. c4 dxc4 11. Nxc4 Nxd4 12. Nxd4 Rb8 13. e3 a6 14. Qc2 b6 15.
Nc6 Qc7 16. Nxb8 Qxb8 17. Rad1 b5 18. Na5 Bd7 19. Bc6 Bc8 20. a4 Qc7 21. b4 Bxb4
22. Nb3 Bb7 23. axb5 axb5 24. Nd4 e5 25. Bxb7 Qc3 26. Qxc3 Bxc3 27. Nxb5 1-0

[Event "AUTO-ADV-2178"]
[Site "http://www.queenalice.com/game.php?id=944996"]
[Date "2011.6.1"]
[Round "1"]
[White "Gadeglia"]
[Black "Fernandes_juazeiro"]
[Result "0-1"]
[WhiteElo "1908"]
[BlackElo "2008"]

1. Nf3 Nc6 2. c4 g6 3. g3 Bg7 4. Bg2 Nf6 5. O-O O-O 6. d4 d5 7. c5 Ne4 8. a3 Bd7
9. b4 e6 10. Bb2 a5 11. Nbd2 Nxd2 12. Qxd2 axb4 13. axb4 Ne7 14. Ba3 Bb5 15.
Rfe1 Nf5 16. e3 h6 17. Bh3 Kh7 18. Bxf5 exf5 19. Bb2 Rxa1 20. Rxa1 Ba6 21. Qc2
c6 22. Qb3 Qe8 23. Qa4 Qe4 24. Nd2 Qd3 25. Qd1 Re8 26. Nb3 Qe4 27. Na5 g5 28.
Bc1 Re7 29. f3 Qe6 30. Qc2 Bxd4 31. Ra3 Bf6 32. Kf2 Kg7 33. Bb2 d4 34. Bc1 dxe3+
35. Bxe3 f4 36. Bd2 Qe2+ 37. Kg1 Qf1# 0-1

[Event "AUTO-ADV-2178"]
[Site "http://www.queenalice.com/game.php?id=944997"]
[Date "2011.6.1"]
[Round "1"]
[White "Fernandes_juazeiro"]
[Black "Gadeglia"]
[Result "1-0"]
[WhiteElo "1522"]
[BlackElo "1689"]

1. e4 e6 2. d4 d5 3. exd5 exd5 4. Nf3 Nf6 5. Be2 Be7 6. O-O O-O 7. c3 c5 8. Be3
c4 9. h3 Nc6 10. Nh2 Qb6 11. b4 Bd7 12. a4 a5 13. b5 Nd8 14. Nd2 Ne6 15. Ng4 Nc7
16. Ne5 Qe6 17. Nxd7 Qxd7 18. Nf3 Bd6 19. Ne5 Bxe5 20. dxe5 Ne4 21. Bd4 Ne6 22.
Bg4 Qe7 23. Bxe6 fxe6 24. Qe2 Rac8 25. Kh2 Qf7 26. f4 Qg6 27. g4 Qh6 28. g5 Qh4
29. Qg4 Qxg4 30. hxg4 g6 31. Ra2 Kg7 32. f5 Nxg5 33. f6+ Kh8 34. Re2 Kg8 35. Kg3
Kf7 36. Rh1 Rh8 37. Rh6 Ne4+ 38. Rxe4 dxe4 39. g5 Rc7 40. Kf4 e3 41. Kxe3 1-0

[Event "AUTO-ADV-2178"]
[Site "http://www.queenalice.com/game.php?id=944998"]
[Date "2011.6.1"]
[Round "1"]
[White "Gadeglia"]
[Black "rockaudrey"]
[Result "0-1"]
[WhiteElo "1735"]
[BlackElo "1998"]

1. c4 c5 2. Nc3 Nf6 3. Nf3 d6 4. g3 Nc6 5. Bg2 e6 6. O-O Be7 7. b3 O-O 8. Bb2 d5
9. cxd5 exd5 10. e3 Bg4 11. Qc2 Qd7 12. d4 Bxf3 13. Bxf3 cxd4 14. exd4 Nxd4 15.
Qd3 Nxf3+ 16. Qxf3 Rfd8 17. Rad1 a6 18. a4 Rac8 19. Rfe1 Bb4 20. Re5 Bxc3 21.
Bxc3 h6 22. Rf5 Rxc3 23. Rd3 Rxd3 24. Qxd3 Ne4 25. g4 g6 26. Rf4 Qe7 27. Qh3 Qg5
28. Qf3 Rc8 0-1

[Event "AUTO-ADV-2178"]
[Site "http://www.queenalice.com/game.php?id=944999"]
[Date "2011.6.1"]
[Round "1"]
[White "rockaudrey"]
[Black "Gadeglia"]
[Result "1-0"]
[WhiteElo "1914"]
[BlackElo "1883"]

1. d4 f5 2. e4 fxe4 3. Nc3 Nf6 4. Bg5 d5 5. Bxf6 exf6 6. Qh5+ g6 7. Qxd5 Qxd5 8.
Nxd5 Bd6 9. Nxf6+ Kf7 10. Nxe4 Bf5 11. Bc4+ Kg7 12. Nxd6 cxd6 13. O-O-O Nc6 14.
Nf3 a6 15. Rhe1 Rhf8 16. h3 Nb4 17. Rd2 d5 18. Bb3 Rac8 19. a3 Nd3+ 20. Rxd3
Bxd3 21. Ng5 Kh8 22. Re7 Rfd8 23. Nf7+ Kg8 24. Nxd8 Rxd8 25. cxd3 1-0

[Event "AUTO-ADV-2178"]
[Site "http://www.queenalice.com/game.php?id=945000"]
[Date "2011.6.1"]
[Round "1"]
[White "Gadeglia"]
[Black "VICSAR"]
[Result "0-1"]
[WhiteElo "1800"]
[BlackElo "1675"]

1. d4 c6 2. c4 b5 3. e3 e6 4. Nf3 Nf6 5. cxb5 cxb5 6. Bxb5 Qa5+ 7. Nc3 Ne4 8.
Qd3 Nxc3 9. bxc3 Ba6 10. Bxa6 Nxa6 11. O-O Be7 12. Ne5 d6 13. Nc6 Qb6 14. Nxe7
Kxe7 15. a4 Nc7 16. e4 Rhe8 0-1

[Event "AUTO-ADV-2178"]
[Site "http://www.queenalice.com/game.php?id=945001"]
[Date "2011.6.1"]
[Round "1"]
[White "VICSAR"]
[Black "Gadeglia"]
[Result "1-0"]
[WhiteElo "1696"]
[BlackElo "1779"]

1. e4 e6 2. Nf3 d5 3. e5 c5 4. c3 Nc6 5. d4 cxd4 6. cxd4 Bb4+ 7. Nc3 Nge7 8. Bd2
O-O 9. Be2 Nf5 10. a3 Ba5 11. O-O Nfxd4 12. b4 Bc7 13. Bf4 a6 14. Nxd4 Nxd4 15.
Qxd4 b5 16. h4 Qxh4 17. Nd1 1-0

[Event "Challenge"]
[Site "http://www.queenalice.com/game.php?id=947924"]
[Date "2011.6.9"]
[Round "-"]
[White "Lintz"]
[Black "Gadeglia"]
[Result "1-0"]
[WhiteElo "1857"]
[BlackElo "1866"]

1. e4 d6 2. Nc3 Nf6 3. f4 g6 4. Nf3 Bg7 5. g3 O-O 6. Bg2 b6 7. d4 Bb7 8. O-O
Nxe4 9. Nxe4 Bxe4 10. Re1 Bb7 11. c3 Nc6 12. Ng5 Rb8 13. Qe2 e5 14. d5 Ne7 15.
c4 Ba6 16. Rb1 Nf5 17. b3 Re8 18. Qf2 Bb7 19. Bb2 h6 20. Nh3 Qd7 21. Kh1 c6 22.
fxe5 dxe5 23. dxc6 Bxc6 24. Bxc6 Qxc6+ 25. Qg2 1-0

[Event "Challenge"]
[Site "http://www.queenalice.com/game.php?id=947925"]
[Date "2011.6.9"]
[Round "-"]
[White "Gadeglia"]
[Black "Lintz"]
[Result "0-1"]
[WhiteElo "1825"]
[BlackElo "1885"]

1. c4 e5 2. Nc3 Nf6 3. e4 c5 4. Nf3 Nc6 5. g3 Be7 6. Bg2 d6 7. O-O b6 8. a3 Bb7
9. b3 O-O 10. Nd5 Nxe4 11. Qe2 Nf6 12. Bb2 a5 13. Bc3 Na7 14. b4 Nxd5 15. cxd5
Bxd5 16. bxa5 Qc7 17. axb6 Qxb6 18. Rab1 Qc6 19. Rfc1 Rfb8 20. Rxb8+ Rxb8 21.
Qe1 Bxf3 22. Bxf3 Qxf3 0-1

[Event "AUTO-MASTER-1427"]
[Site "http://www.queenalice.com/game.php?id=948522"]
[Date "2011.6.11"]
[Round "1"]
[White "szachista92"]
[Black "Gadeglia"]
[Result "1-0"]
[WhiteElo "2068"]
[BlackElo "1838"]

1. e4 e6 2. d4 d5 3. e5 c5 4. c3 Nc6 5. Nf3 c4 6. b4 b5 7. a4 Ba6 8. axb5 Bxb5
9. Na3 a6 10. Nxb5 axb5 11. Bd2 Nge7 12. Be2 g6 13. O-O Bg7 14. Ng5 Rxa1 15.
Qxa1 O-O 16. Qa6 Qb8 17. f4 f6 18. Nxe6 Rf7 19. Nc5 Na7 20. Bf3 fxe5 21. fxe5
Nec6 22. Bxd5 Nd8 23. Bxf7+ 1-0

[Event "AUTO-MASTER-1427"]
[Site "http://www.queenalice.com/game.php?id=948523"]
[Date "2011.6.11"]
[Round "1"]
[White "Gadeglia"]
[Black "szachista92"]
[Result "0-1"]
[WhiteElo "1831"]
[BlackElo "2075"]

1. Nf3 f5 2. g3 Nf6 3. Bg2 e6 4. O-O d5 5. d4 c5 6. b3 cxd4 7. Nxd4 Nc6 8. Bb2
Be7 9. a3 O-O 10. b4 a6 11. Nd2 Bd7 12. c4 Nxd4 13. Bxd4 Bc6 14. c5 Nd7 15. Nb3
e5 16. Bb2 e4 17. Qd4 Bf6 18. Qd2 Ne5 19. Bxe5 Bxe5 20. Rab1 Qf6 21. Na5 Rfd8
22. Nxc6 bxc6 23. f3 Bc3 24. Qc2 Bd4+ 25. Kh1 Qh6 26. Rbd1 Be5 27. f4 Bc7 28.
Qa4 Qe6 29. e3 Rdb8 30. Rf2 a5 31. Qb3 axb4 32. axb4 Ba5 33. Rd4 Bd8 34. Rf1 Bf6
35. Rd2 Ra7 36. Ra2 Rxa2 0-1

[Event "AUTO-MASTER-1427"]
[Site "http://www.queenalice.com/game.php?id=948536"]
[Date "2011.6.11"]
[Round "1"]
[White "capaputi"]
[Black "Gadeglia"]
[Result "1-0"]
[WhiteElo "2162"]
[BlackElo "1802"]

1. e4 e6 2. d4 d5 3. Nc3 c5 4. Nf3 Nc6 5. Bb5 Bd7 6. O-O a6 7. Bxc6 Bxc6 8. Re1
dxe4 9. Nxe4 Bxe4 10. Rxe4 Nf6 11. Bg5 Be7 12. Re2 O-O 13. c3 h6 14. Bxf6 Bxf6
15. dxc5 Rc8 16. Rd2 Qe7 17. Rd7 Qxc5 18. Rxb7 Rfd8 19. Rd7 Qb5 20. Rxd8+ Rxd8
21. Qc2 1-0

[Event "AUTO-MASTER-1427"]
[Site "http://www.queenalice.com/game.php?id=948537"]
[Date "2011.6.11"]
[Round "1"]
[White "Gadeglia"]
[Black "capaputi"]
[Result "0-1"]
[WhiteElo "1868"]
[BlackElo "2221"]

1. Nf3 c5 2. d4 Nf6 3. g3 e6 4. Bg2 Nc6 5. O-O d5 6. b3 cxd4 7. Nxd4 Be7 8. Bb2
h5 9. Nd2 h4 10. N2f3 hxg3 11. fxg3 Qb6 12. Kh1 Ng4 13. Qd2 Bf6 14. Rab1 Nxd4
15. Nxd4 Nxh2 0-1

[Event "AUTO-MASTER-1427"]
[Site "http://www.queenalice.com/game.php?id=948546"]
[Date "2011.6.11"]
[Round "1"]
[White "Gadeglia"]
[Black "xmballd"]
[Result "0-1"]
[WhiteElo "1811"]
[BlackElo "1975"]

1. d4 Nf6 2. Nf3 d5 3. g3 e6 4. Bg2 Be7 5. O-O O-O 6. b3 b6 7. Bb2 Bb7 8. Nbd2
Nbd7 9. c4 dxc4 10. Nxc4 c5 11. e3 cxd4 12. Bxd4 Bc5 13. Bxc5 Nxc5 14. Nd6 Ba6
15. Re1 Nd5 16. Nc4 Rc8 17. Nd4 Bxc4 18. bxc4 Nf6 19. Nc6 Qxd1 0-1

[Event "AUTO-MASTER-1427"]
[Site "http://www.queenalice.com/game.php?id=948547"]
[Date "2011.6.11"]
[Round "1"]
[White "xmballd"]
[Black "Gadeglia"]
[Result "1-0"]
[WhiteElo "1984"]
[BlackElo "1693"]

1. e4 e6 2. d4 d5 3. Nc3 c5 4. exd5 exd5 5. Bb5+ Nc6 6. Nf3 Nf6 7. O-O Be7 8.
dxc5 Bxc5 9. Re1+ Be7 10. Bxc6+ bxc6 11. Qe2 Be6 12. Ng5 Bf5 13. Bf4 h6 14. Nf3
Be6 15. Nd4 O-O 16. Nxe6 fxe6 17. Qxe6+ Rf7 18. Qxc6 Bb4 19. a3 Bxc3 20. Qxc3
Ne4 21. Qd4 1-0

[Event "AUTO-ADV-2189"]
[Site "http://www.queenalice.com/game.php?id=949192"]
[Date "2011.6.13"]
[Round "1"]
[White "Nille"]
[Black "Gadeglia"]
[Result "1-0"]
[WhiteElo "1854"]
[BlackElo "1747"]

1. e4 e6 2. Nf3 d5 3. exd5 exd5 4. d4 Nf6 5. h3 Be7 6. Be2 O-O 7. O-O c5 8. dxc5
Bxc5 9. Be3 Bxe3 10. fxe3 Qe7 11. Qc1 Nc6 12. Nc3 Bf5 13. Nd4 Nxd4 14. exd4 Qd7
15. Qe3 Bxc2 16. Qg5 h6 17. Qg3 Rae8 18. Rxf6 Bf5 19. Rxh6 a6 20. Rh5 b5 21. Rf1
g6 22. Rhxf5 b4 23. Nxd5 Rxe2 24. Nf6+ 1-0

[Event "AUTO-ADV-2189"]
[Site "http://www.queenalice.com/game.php?id=949193"]
[Date "2011.6.13"]
[Round "1"]
[White "Gadeglia"]
[Black "Nille"]
[Result "0-1"]
[WhiteElo "1760"]
[BlackElo "1841"]

1. Nf3 d5 2. d4 Nc6 3. e3 Bf5 4. a3 a6 5. Bd3 Bxd3 6. Qxd3 e6 7. O-O Nf6 8. b4
b5 9. Bb2 Be7 10. Nbd2 O-O 11. Rfe1 h6 12. e4 dxe4 13. Nxe4 Nh7 14. c4 bxc4 15.
Qxc4 Qd7 16. Red1 Bf6 17. Rab1 Rfd8 18. a4 a5 0-1

[Event "AUTO-ADV-2189"]
[Site "http://www.queenalice.com/game.php?id=949208"]
[Date "2011.6.13"]
[Round "1"]
[White "Gadeglia"]
[Black "thw"]
[Result "0-1"]
[WhiteElo "1850"]
[BlackElo "1947"]

1. Nf3 d5 2. d4 Nf6 3. g3 Bg4 4. Bg2 Qd7 5. Ne5 Qe6 6. Nxg4 Nxg4 7. Bh3 Qg6 8.
e3 Nf6 9. Nd2 e6 10. O-O h5 11. Nf3 Qh7 12. a3 h4 13. Nxh4 g5 14. c4 gxh4 15. g4
Nxg4 0-1

[Event "AUTO-ADV-2189"]
[Site "http://www.queenalice.com/game.php?id=949209"]
[Date "2011.6.13"]
[Round "1"]
[White "thw"]
[Black "Gadeglia"]
[Result "1-0"]
[WhiteElo "1841"]
[BlackElo "1896"]

1. e4 e6 2. d4 d5 3. Nc3 c5 4. exd5 exd5 5. dxc5 Bxc5 6. Qxd5 Qxd5 7. Nxd5 Bd6
8. Bb5+ Nc6 9. Be3 Rb8 10. Bxa7 Ra8 11. Bc5 Kd7 12. Nb6+ 1-0